000 00294nam a22001337a 4500
008 170928b xxu||||| |||| 00| 0 eng d
020 _a0070236276
041 _aeng
080 _a37
100 _a47
101 _aEDU
245 _aA PLACE CALLED SCHOOL
_cGOODLAD.H.I
942 _2udc
_cBK
999 _c30528
_d30528